Proceedings of the national seminar on rural infrastructure in india issues and prospects : (Record no. 151903)

MARC details
000 -LEADER
fixed length control field 00846nam a22002297a 4500
005 - DATE AND TIME OF LATEST TRANSACTION
control field 20180507121705.0
010 ## - LCCN (DPL NO)
LC control number ENG-122895
020 ## - INTERNATIONAL STANDARD BOOK NUMBER
International Standard Book Number 9789387380066
Terms of availability 500.00
035 ## - SYSTEM CONTROL NUMBER
System control number EN-106427
037 ## - SOURCE OF ACQUISITION
Source of stock number/acquisition DBAD/PUB
082 ## - DEWEY DECIMAL CLASSIFICATION NUMBER
Classification number 307.14120954
245 ## - TITLE STATEMENT
Title Proceedings of the national seminar on rural infrastructure in india issues and prospects :
Statement of responsibility, etc ed. by K.S. Lakshmi; Hemavathi Sekar; N. Padma [and] J. Sumitha Princess /
Remainder of title 24h & 25th November 2016 /
260 ## - PUBLICATION, DISTRIBUTION, ETC. (IMPRINT)
Place of publication, distribution, etc New Delhi
Name of publisher, distributor, etc Allied Publishers Private
Date of publication, distribution, etc 2017
270 ## - ADDRESS
Address 1/13-14 Asaf Ali Road , Darya Ganj,
City New Delhi
Postal code 110002
300 ## - PHYSICAL DESCRIPTION
Extent xviii, 167p.
Dimensions 24cm(Hb)
Other physical details ill.
500 ## - GENERAL NOTE
General note It include author index
700 ## - ADDED ENTRY--PERSONAL NAME
Personal name K.S. Lakshmi
700 ## - ADDED ENTRY--PERSONAL NAME
Personal name Hemavathi Sekar
700 ## - ADDED ENTRY--PERSONAL NAME
Personal name N. Padma
700 ## - ADDED ENTRY--PERSONAL NAME
Personal name J. Sumitha Princess
942 ## - ADDED ENTRY ELEMENTS (KOHA)
Source of classification or shelving scheme Dewey Decimal Classification
Item type English Books
Call number suffix PRO
Classification part 307.14120954
Holdings
Withdrawn status Lost status Not for loan Collection code Home library Current library Date acquired Source of acquisition Cost, normal purchase price Full call number Barcode Copy number Cost, replacement price Koha item type
    Not For Loan Non-fiction D.B.Act.Division Bawana 07/05/2018 DBAD/PUB 500.00 307.14120954 PRO EN-106427 1 500.00 English Books

© Delhi Public Library
Hit Counter
free hit counter